| 000 | 00839nam a2200277 i 4500 | ||
|---|---|---|---|
| 001 | 7028 | ||
| 003 | ES-MaACL | ||
| 005 | 20240224063054.0 | ||
| 007 | t| | ||
| 008 | 900723s1987 sp ||||1| spa d | ||
| 020 | _a84-323-0609-6 | ||
| 080 | _a355.49(46)"1936/1939" | ||
| 080 | _a9(46)"1936/1939" | ||
| 100 | 0 |
_aAlpert, Michael, _d1936- _920462 |
|
| 245 | 1 | 3 |
_aLa Guerra civil española en el mar / _cpor Michael Alpert. |
| 250 | _a1a ed. | ||
| 260 |
_aMadrid : _bSiglo XXI de España, _c1987. |
||
| 300 |
_aXII, 400 p ; _c21 cm. |
||
| 490 | 1 | _aHistoria | |
| 500 | _aBibliografia. | ||
| 500 | _aIndices. | ||
| 651 | 4 |
_aEspaña- _xHistoria- _y1936-1939, Guerra civil- _xOperaciones navales. _98313 |
|
| 830 | 0 |
_aHistoria _9177536 |
|
| 852 |
_aES-MaACL _jL-14302 _bR.118042 _z. - rust. |
||
| 999 |
_c7028 _d7028 |
||